Metas de un proceso formativo
Furkejuvvon:
| Váldodahkki: | |
|---|---|
| Materiálatiipa: | Girji |
| Giella: | espánnjágiella |
| Almmustuhtton: |
Madrid
Narcea
1982
|
| Ráidu: | Comentarios, 16
|
| Fáttát: | |
| Fáddágilkorat: |
Lasit fáddágilkoriid
Eai fáddágilkorat, Lasit vuosttaš fáddágilkora!
|
MARC
| LEADER | 00000nam a2200000 a 4500 | ||
|---|---|---|---|
| 001 | UCZ7627 | ||
| 003 | CL-VaPUC | ||
| 008 | 960105e19820000SP |||||||||||||||||spa|d | ||
| 082 | 0 | 4 | |a 128 |b LOP |2 21 |
| 100 | |a López Escalona, Sara |e autora |9 579144 | ||
| 245 | 1 | 0 | |a Metas de un proceso formativo |
| 300 | |a 31 p | ||
| 942 | |c BK | ||
| 945 | |d 19960105 00:00:00 |a lriquelm | ||
| 260 | |a Madrid |b Narcea |c 1982 | ||
| 650 | 0 | |a Antropología |9 233030 | |
| 650 | 0 | |a Filosofía |9 223554 | |
| 650 | 0 | |a Naturaleza humana |9 308593 | |
| 650 | 0 | |a Educación |9 258661 | |
| 650 | 0 | |a Filosofía de la educación |9 258384 | |
| 583 | |a last modification |c 19960105 00:00:00 |k Rodrigo Vera | ||
| 490 | 0 | |a Comentarios, 16 | |
| 999 | |c 243678 |d 243676 | ||